Loose end : stories /

محفوظ في:
التفاصيل البيبلوغرافية
المؤلف الرئيسي: Coyote, Ivan E. (مؤلف)
التنسيق: كتاب
اللغة:الإنجليزية
منشور في: Vancouver : Arsenal Pulp Press, 2005
الوسوم: إضافة وسم
لا توجد وسوم, كن أول من يضع وسما على هذه التسجيلة!

MARC

LEADER 00000nam a22000007i 4500
001 IT\ICCU\UBO\3763649
003 ItRI
005 20260115231831.0
008 100215s2005 xxc|||||| ||||| |||||c
020 |a 155152192X 
020 |a 9781551521923 
040 |b ita  |c importazione bologna sebina 
041 7 |a eng  |2 ISO-639-2 
100 1 |a Coyote, Ivan E.  |0 IT\ICCU\UBOV\391104  |4 aut 
245 1 0 |a Loose end :  |b stories /  |c by Ivan E. Coyote. 
260 |a Vancouver :  |b Arsenal Pulp Press,  |c 2005 
300 |a 176 p. :  |b ill. ;  |c 22 cm. 
942 |2 ddc  |c BK  |n 0 
952 |0 0  |1 0  |4 0  |6 DOC_813_600000000000000_COY  |7 0  |9 13815  |a BO  |b BO  |d 2026-01-15  |i 13351  |l 0  |o DOC 813.6 COY  |p BO13351  |r 2026-01-15 23:18:31  |w 2026-01-15  |x [Sebina 5] [1 v.]  |y BK  |z 1 v. 
999 |c 11890  |d 11890